1975 1889 1510 1506 1934 1168 1741 1593 1634 1240 1969 1423 1527 1584 1219 1218 1636 1348 1560 1816 1685 1750 1558 1419 1478 1930 1084 1125 1607 1528 1861 1020 1853 1641 1223 1906 1441 1333 1998 1190 1411 1923 1473 1106 1757 1906 1380 1113 1295 1645 1210 1426 1205 1651 1510 1679 1962 1416 1649 1514 1156 1023 1346 1768 1890 1159 1963 1753 1344 1371 1245 1776 1652 1642 1714 1707 1576 1406 1866 1563 1587 1857 1308 1718 1012 1507 1140 1466 1474 1093 1263 1058 1530 1762 1639 1151 1047 1775 1617 BCNSPRNW ULIB Ver.6.0+V

เปลี่ยนเป็นภาษาไทย

Change to English
 แสดงรายละเอียดบรรณานุกรม
  กลับหน้าหลัก

Brief Record : Get Marc (ISO 2709) : E-mail record : QR code < ปิดหน้าต่าง
LEADER : 00000nam 2200000uu 4500
001    13399115224
003     ULIB
008    020711s2550 th a 000 0 tha d
020    ^a9789747032840
082 04 ^aรส.^bพ653ข
090    ^aรส.^bพ653ข
100    ^aมนัส จรรยงค์ และคณะ
245    ^aแขกในบ้านตัวเอง^cมนัส จรรยงค์ และคณะ
260    ^aกรุงเทพฯ :^bนาคร,^c2550
300    ^a287 หน้า
945    ^p240^l0^i023145
999 ^a ทศพร
รายการนี้ยังไม่มีแท็ก
คุณยังไม่ได้ล็อกอิน คุณสามารถมีกิจกรรมร่วมกับเว็บไซต์ได้ แต่ต้องล็อกอินก่อน ::
  ล็อกอิน

รายการสื่อสารสนเทศ

ลำดับที่ ประเภท เลขเรียก/บาร์โค้ด สถานที่ สถานะ
1. นวนิยาย
นวนิยาย
รส. พ653ข รส. พ653ข  
  Barcode: 023145
ห้องสมุดวิทยาเขตสวรรค์ประชารักษ์
►นวนิยาย
บนชั้น
  ขอยืม

BibComment


ยังไม่เคยถูกคอมเมนท์

คอมเมนท์ทรัพยากรรายการนี้
  คอมเมนท์: แขกในบ้านตัวเอง ..


 Copyright 2026. Bcnsprnw @Library